NFL Dream Team OF ALL TIME - Statistics

General Stats
  • This quiz has been taken 343 times
    328 since last reset
  • The average score is 21 of 37
Answer Stats
Team Positon Player % Correct
NE QB Tom Brady
100%
SF QB Joe Montana
95%
IND QB Peyton Manning
93%
DET RB Barry Sanders
91%
SF WR Jerry Rice
88%
CLE RB Jim Brown
88%
CHI RB Walter Payton
88%
MIN WR Randy Moss
87%
NE TE Rob Gronkowski
82%
IND WR Marvin Harrison
79%
ARI WR Larry Fitzgerald
77%
KC TE Tony Gonzalez
77%
BAL MLB Ray Lewis
69%
NYG OLB Lawrence Taylor
63%
SS BAL Ed Reed
59%
CB DAL Deion Sanders
58%
PIT FB Franco Harris
58%
PHI DE Reggie White
58%
KR CHI Devin Hester
54%
CIN OT Anthony Munoz
52%
FS SF Ronnie Lott
51%
BUF DE Bruce Smith
50%
K NE Adam Vinatieri
49%
PIT DT Mean Joe Greene
49%
GB WR Don Hutson
43%
CHI MLB Dick Butkus
41%
CB DET Dick 'Night Trane' Lane
41%
DAL OG Larry Allen
40%
MIN DT Alan Page
39%
LAC TE Kellen Winslow
39%
BAL OT Jonathan Ogden
38%
P OAK Ray Guy
32%
CB PIT Mel Blount
31%
OAK OG Gene Upshaw
27%
KC OLB Bobby Bell
21%
MIA C Dwight Stephenson
20%
CB OAK Willie Brown
20%
No matching quizzes found
Score Distribution
Percent of People with Each Score
Percentile by Number Answered
Your Score History
You have not taken this quiz since the last reset